[Event "Skalica Open 2019"]
[Site "Skalica"]
[Date "2019.08.29"]
[Round "7.14"]
[White "Hrbek, Stepan"]
[Black "Kantorik, Marian"]
[Result "1/2-1/2"]
[WhiteElo "2066"]
[BlackElo "2164"]
[Annotator "NA"]
[PlyCount "161"]
[EventDate "2019.08.25"]
[EventType "swiss"]
[EventCountry "SVK"]
[SourceTitle "playchess.com"]
[Source "ChessBase"]
[SourceQuality "1"]
[TimeControl "40/5400+30:1800+30"]

1. e4 {[%emt 0:00:00]} Nf6 {[%emt 0:00:49]} 2. e5 {[%emt 0:00:00]} Nd5 {[%emt 0:00:12]} 3. d4 {[%emt 0:00:00]} d6 {[%emt 0:00:06]} 4. Nf3 {[%emt 0:00:39]} Bg4 {[%emt 0:00:18]} 5. Be2 {[%emt 0:00:55]} e6 {[%emt 0:00:05]} 6. O-O {[%emt 0:04:06]} Be7 {[%emt 0:00:22]} 7. h3 {[%emt 0:11:22]} Bh5 {[%emt 0:00:28]} 8. b3 {[%emt 0:11:32]} O-O {[%emt 0:02:01]} 9. c4 {[%emt 0:00:19]} Nb6 {[%emt 0:00:37]} 10. exd6 {[%emt 0:01:37]} cxd6 {[%emt 0:00:32]} 11. Bb2 {[%emt 0:00:07]} Nc6 {[%emt 0:03:23]} 12. a3 {[%emt 0:05:39]} a5 {[%emt 0:04:06]} 13. Nbd2 {[%emt 0:24:05]} d5 {[%emt 0:13:41]} 14. c5 {[%emt 0:10:45]} Nd7 {[%emt 0:03:04]} 15. b4 {[%emt 0:02:06]} Bxf3 {[%emt 0:02:31]} 16. Nxf3 {[%emt 0:03:24]} axb4 {[%emt 0:06:48]} 17. axb4 {[%emt 0:00:05]} Rxa1 {[%emt 0:00:08]} 18. Bxa1 {[%emt 0:00:02]} Nxb4 {[%emt 0:02:30]} 19. Qb3 {[%emt 0:00:51]} Nc6 {[%emt 0:00:41]} 20. Qxb7 Qc8 {[%emt 0:03:16]} 21. Rb1 {[%emt 0:04:05]} Bf6 {[%emt 0:04:20]} 22. Ba6 {[%emt 0:03:03]} Qxb7 {[%emt 0:02:30]} 23. Rxb7 {[%emt 0:08:07]} Nxc5 {[%emt 0:06:42]} 24. dxc5 {[%emt 0:00:41]} Bxa1 {[%emt 0:00:08]} 25. Rb6 {[%emt 0:03:29]} Nd4 {[%emt 0:04:40]} 26. c6 {[%emt 0:00:52]} Nxf3+ {[%emt 0:03:17]} 27. gxf3 {[%emt 0:00:04]} Be5 {[%emt 0:00:13]} 28. Rb7 {[%emt 0:00:04]} g5 {[%emt 0:00:48]} 29. Ra7 {[%emt 0:01:18]} Rb8 {[%emt 0:03:51]} 30. c7 {[%emt 0:00:25]} Bxc7 {[%emt 0:00:06]} 31. Rxc7 {[%emt 0:00:02]} Kg7 {[%emt 0:00:18]} 32. Bd3 {[%emt 0:00:36]} Rb3 {[%emt 0:00:47]} 33. Be2 {[%emt 0:00:22]} h5 {[%emt 0:01:57]} 34. Kg2 {[%emt 0:01:08]} Kg6 {[%emt 0:01:14]} 35. Re7 {[%emt 0:01:10]} Rb4 {[%emt 0:01:01]} 36. Bd3+ {[%emt 0:00:37]} Kf6 {[%emt 0:00:12]} 37. Rc7 {[%emt 0:01:15]} h4 {[%emt 0:05:24]} 38. Ba6 {[%emt 0:01:03]} Rf4 {[%emt 0:01:38]} 39. Bb5 {[%emt 0:01:27]} Kg7 {[%emt 0:00:59]} 40. Be8 {[%emt 0:01:24]} Kf8 {[%emt 0:00:22]} 41. Bb5 {[%emt 0:30:16]} Kg7 {[%emt 0:30:04]} 42. Ra7 {[%emt 0:00:55]} Kf6 {[%emt 0:06:21]} 43. Be8 {[%emt 0:00:21]} Kg6 {[%emt 0:00:22]} 44. Rc7 {[%emt 0:00:00]} Kg7 {[%emt 0:00:00]} 45. Rb7 {[%emt 0:00:00]} Kf8 {[%emt 0:00:00]} 46. Bc6 {[%emt 0:00:00]} Kg7 {[%emt 0:00:00]} 47. Ra7 {[%emt 0:00:00]} Kf6 {[%emt 0:00:00]} 48. Be8 {[%emt 0:00:00]} Kg6 {[%emt 0:00:00]} 49. Ra3 {[%emt 0:00:00]} Kf6 {[%emt 0:00:00]} 50. Kf1 {[%emt 0:00:00]} Ke7 {[%emt 0:00:00]} 51. Ba4 {[%emt 0:00:00]} Rb4 {[%emt 0:00:00]} 52. Bb3 {[%emt 0:00:00]} Kf6 {[%emt 0:00:00]} 53. Ba4 {[%emt 0:00:00]} Rb1+ {[%emt 0:00:00]} 54. Kg2 {[%emt 0:00:00]} Rb4 {[%emt 0:00:00]} 55. Be8 {[%emt 0:00:00]} Rf4 {[%emt 0:00:00]} 56. Kf1 {[%emt 0:00:00]} Ke7 {[%emt 0:00:00]} 57. Bb5 {[%emt 0:00:00]} Rb4 {[%emt 0:00:00]} 58. Ra7+ {[%emt 0:00:00]} Kf8 {[%emt 0:00:00]} 59. Ra8+ {[%emt 0:00:00]} Kg7 {[%emt 0:00:00]} 60. Be8 {[%emt 0:00:00]} Rb7 {[%emt 0:00:00]} 61. Ra4 {[%emt 0:01:27]} Rb8 {[%emt 0:00:00]} 62. Bd7 {[%emt 0:01:02]} Rb1+ {[%emt 0:00:00]} 63. Kg2 {[%emt 0:00:04]} Rb7 {[%emt 0:00:00]} 64. Bc8 {[%emt 0:05:54]} Rc7 {[%emt 0:00:00]} 65. Ba6 {[%emt 0:00:34]} Ra7 {[%emt 0:00:00]} 66. Bb5 {[%emt 0:01:52]} Rxa4 {[%emt 0:00:31]} 67. Bxa4 {[%emt 0:00:02]} Kf6 {[%emt 0:00:07]} 68. Kf1 {[%emt 0:00:05]} Ke5 {[%emt 0:00:25]} 69. Ke2 {[%emt 0:00:37]} Kf4 {[%emt 0:01:11]} 70. Bb3 {[%emt 0:02:15]} d4 {[%emt 0:01:02]} 71. Bc4 {[%emt 0:00:10]} Ke5 {[%emt 0:03:26]} 72. Bb3 {[%emt 0:00:43]} Kf4 {[%emt 0:00:35]} 73. Bc4 {[%emt 0:00:03]} Ke5 {[%emt 0:00:07]} 74. Bb3 {[%emt 0:00:02]} Kf4 {[%emt 0:01:48]} 75. Bd1 {[%emt 0:00:17]} e5 {[%emt 0:02:01]} 76. Kd3 {[%emt 0:00:04]} Kf5 {[%emt 0:00:33]} 77. Kc4 {[%emt 0:01:40]} Kf4 {[%emt 0:00:06]} 78. Kd3 {[%emt 0:00:32]} Kf5 {[%emt 0:00:06]} 79. Kc4 {[%emt 0:01:07]} Kf4 {[%emt 0:00:07]} 80. Kd3 {[%emt 0:00:37]} Kf5 {[%emt 0:01:30]} 81. Kc4 {[%emt 0:00:06]} 1/2-1/2

[Event "Skalica Open 2019"]
[Site "Skalica"]
[Date "2019.08.29"]
[Round "7.16"]
[White "Londin, Simon"]
[Black "Kapusta, Petr"]
[Result "1/2-1/2"]
[WhiteElo "2038"]
[BlackElo "2157"]
[Annotator "NA"]
[PlyCount "24"]
[EventDate "2019.08.25"]
[EventType "swiss"]
[EventCountry "SVK"]
[SourceTitle "playchess.com"]
[Source "ChessBase"]
[SourceQuality "1"]
[TimeControl "40/5400+30:1800+30"]

1. e4 {[%emt 0:00:00]} c5 {[%emt 0:00:00]} 2. Nc3 {[%emt 0:00:00]} Nc6 {[%emt 0:00:14]} 3. f4 {[%emt 0:00:00]} e6 {[%emt 0:01:38]} 4. Nf3 {[%emt 0:00:00]} d5 {[%emt 0:00:30]} 5. Bb5 {[%emt 0:00:00]} Nge7 {[%emt 0:00:55]} 6. exd5 {[%emt 0:03:02]} exd5 {[%emt 0:00:22]} 7. Qe2 {[%emt 0:00:07]} a6 {[%emt 0:14:03]} 8. Bxc6+ {[%emt 0:01:47]} bxc6 {[%emt 0:00:06]} 9. O-O {[%emt 0:04:20]} Qd6 {[%emt 0:07:10]} 10. Ne5 {[%emt 0:16:33]} g6 {[%emt 0:03:02]} 11. b3 {[%emt 0:19:43]} Be6 {[%emt 0:10:40]} 12. Na4 {[%emt 0:16:21]} Nf5 {[%emt 0:02:15]} 1/2-1/2

[Event "Skalica Open 2019"]
[Site "Skalica"]
[Date "2019.08.29"]
[Round "7.17"]
[White "Havelka, Ondrej"]
[Black "Gresova, Zuzana"]
[Result "1-0"]
[WhiteElo "2112"]
[BlackElo "2008"]
[Annotator "NA"]
[PlyCount "73"]
[EventDate "2019.08.25"]
[EventType "swiss"]
[EventCountry "SVK"]
[SourceTitle "playchess.com"]
[Source "ChessBase"]
[SourceQuality "1"]
[TimeControl "40/5400+30:1800+30"]

1. d4 {[%emt 0:00:00]} d5 {[%emt 0:00:00]} 2. c4 {[%emt 0:00:00]} c6 {[%emt 0:00:00]} 3. Nf3 {[%emt 0:00:00]} Nf6 {[%emt 0:00:03]} 4. e3 {[%emt 0:00:05]} e6 {[%emt 0:00:10]} 5. b3 {[%emt 0:00:09]} Nbd7 {[%emt 0:00:44]} 6. Bd3 {[%emt 0:00:29]} Bd6 {[%emt 0:01:10]} 7. Bb2 {[%emt 0:01:23]} O-O {[%emt 0:00:33]} 8. O-O {[%emt 0:00:05]} b6 {[%emt 0:02:27]} 9. Nbd2 {[%emt 0:00:14]} Qc7 {[%emt 0:02:33]} 10. Rc1 {[%emt 0:03:55]} Bb7 {[%emt 0:02:21]} 11. Bb1 {[%emt 0:07:02]} Rfe8 {[%emt 0:05:52]} 12. Qc2 {[%emt 0:01:26]} Rac8 {[%emt 0:01:56]} 13. Rfd1 {[%emt 0:03:58]} Qb8 {[%emt 0:03:22]} 14. e4 {[%emt 0:01:23]} dxe4 {[%emt 0:02:29]} 15. Nxe4 {[%emt 0:00:05]} Bf4 {[%emt 0:03:41]} 16. Ned2 {[%emt 0:03:26]} c5 {[%emt 0:03:21]} 17. dxc5 {[%emt 0:06:01]} Bxf3 {[%emt 0:13:24]} 18. Nxf3 {[%emt 0:00:02]} Bxc1 {[%emt 0:07:20]} 19. Bxc1 {[%emt 0:00:17]} bxc5 {[%emt 0:03:14]} 20. Rxd7 {[%emt 0:01:19]} Nxd7 {[%emt 0:10:57]} 21. Qxh7+ {[%emt 0:00:58]} Kf8 {[%emt 0:00:10]} 22. Qh8+ {[%emt 0:09:43]} Ke7 {[%emt 0:00:16]} 23. Qxg7 {[%emt 0:00:02]} Rg8 {[%emt 0:06:16]} 24. Bg5+ {[%emt 0:00:16]} Kd6 {[%emt 0:06:46]} 25. Qxf7 {[%emt 0:06:27]} Rcf8 {[%emt 0:04:52]} 26. Bf4+ {[%emt 0:03:13]} e5 {[%emt 0:01:36]} 27. Qd5+ {[%emt 0:00:13]} Ke7 {[%emt 0:00:42]} 28. Nxe5 {[%emt 0:06:01]} Nxe5 {[%emt 0:03:10]} 29. Bxe5 {[%emt 0:00:24]} Qb6 {[%emt 0:04:29]} 30. Qe4 {[%emt 0:03:03]} Kd8 {[%emt 0:01:23]} 31. f4 {[%emt 0:00:21]} Qh6 {[%emt 0:01:28]} 32. Qa8+ {[%emt 0:00:45]} Kd7 {[%emt 0:00:51]} 33. Qxa7+ {[%emt 0:00:07]} Ke8 {[%emt 0:00:28]} 34. Qb8+ {[%emt 0:00:16]} Kf7 {[%emt 0:01:04]} 35. Qc7+ {[%emt 0:00:05]} Ke8 {[%emt 0:00:50]} 36. Qc8+ {[%emt 0:01:09]} Ke7 {[%emt 0:00:21]} 37. Qxc5+ {[%emt 0:00:02]} 1-0

[Event "Skalica Open 2019"]
[Site "Skalica"]
[Date "2019.08.29"]
[Round "7.18"]
[White "Lhotska, Anna"]
[Black "Kuna, Martin"]
[Result "1/2-1/2"]
[WhiteElo "1966"]
[BlackElo "1969"]
[Annotator "NA"]
[PlyCount "76"]
[EventDate "2019.08.25"]
[EventType "swiss"]
[EventCountry "SVK"]
[SourceTitle "playchess.com"]
[Source "ChessBase"]
[SourceQuality "1"]
[TimeControl "40/5400+30:1800+30"]

1. c4 {[%emt 0:00:00]} e5 {[%emt 0:00:24]} 2. Nc3 {[%emt 0:00:00]} Nc6 {[%emt 0:00:43]} 3. Nf3 {[%emt 0:00:04]} d6 {[%emt 0:00:36]} 4. g3 {[%emt 0:01:06]} g6 {[%emt 0:00:30]} 5. Bg2 {[%emt 0:00:17]} Bg7 {[%emt 0:00:19]} 6. O-O {[%emt 0:00:16]} Nge7 {[%emt 0:01:27]} 7. Rb1 {[%emt 0:01:11]} a5 {[%emt 0:01:12]} 8. a3 {[%emt 0:00:55]} f5 {[%emt 0:01:17]} 9. d3 {[%emt 0:01:08]} h6 {[%emt 0:02:41]} 10. e3 {[%emt 0:13:39]} O-O {[%emt 0:04:43]} 11. Qc2 {[%emt 0:05:31]} g5 {[%emt 0:04:37]} 12. b4 {[%emt 0:02:33]} axb4 {[%emt 0:03:39]} 13. axb4 {[%emt 0:00:07]} Qe8 {[%emt 0:01:31]} 14. Nb5 {[%emt 0:08:59]} Qd8 {[%emt 0:21:18]} 15. Bd2 {[%emt 0:08:36]} f4 {[%emt 0:02:19]} 16. exf4 {[%emt 0:05:21]} exf4 {[%emt 0:00:36]} 17. gxf4 {[%emt 0:11:31]} gxf4 {[%emt 0:00:54]} 18. Bc3 {[%emt 0:00:43]} Ne5 {[%emt 0:09:36]} 19. Kh1 {[%emt 0:02:06]} Bf5 {[%emt 0:10:52]} 20. Rbd1 {[%emt 0:08:25]} N7g6 {[%emt 0:08:12]} 21. Nbd4 {[%emt 0:01:24]} Bg4 {[%emt 0:01:10]} 22. Rde1 {[%emt 0:01:21]} c5 {[%emt 0:05:01]} 23. Nxe5 {[%emt 0:01:53]} Nxe5 {[%emt 0:00:12]} 24. Bd5+ {[%emt 0:00:16]} Kh8 {[%emt 0:00:22]} 25. Ne6 {[%emt 0:00:35]} Bxe6 {[%emt 0:02:46]} 26. Bxe6 {[%emt 0:00:09]} cxb4 {[%emt 0:00:55]} 27. Bxe5 {[%emt 0:01:58]} dxe5 {[%emt 0:01:02]} 28. Rg1 {[%emt 0:00:56]} Qb6 {[%emt 0:02:23]} 29. Bd5 {[%emt 0:00:39]} b3 {[%emt 0:00:10]} 30. Qe2 {[%emt 0:03:02]} Ra2 {[%emt 0:04:32]} 31. Qg4 {[%emt 0:00:27]} Qf6 {[%emt 0:00:03]} 32. Rb1 {[%emt 0:01:19]} Rxf2 {[%emt 0:07:16]} 33. Rxb3 {[%emt 0:01:22]} Qg5 {[%emt 0:00:18]} 34. Qd7 {[%emt 0:01:55]} Qf6 {[%emt 0:00:37]} 35. Rb6 {[%emt 0:03:16]} Rxh2+ {[%emt 0:00:49]} 36. Kxh2 {[%emt 0:00:19]} Qh4+ {[%emt 0:00:05]} 37. Qh3 {[%emt 0:13:30]} Qf2+ {[%emt 0:00:05]} 38. Qg2 {[%emt 0:00:07]} Qh4+ {[%emt 0:00:06]} 1/2-1/2

[Event "Skalica Open 2019"]
[Site "Skalica"]
[Date "2019.08.29"]
[Round "7.19"]
[White "Benes, Miroslav"]
[Black "Chan, Naruna"]
[Result "1-0"]
[WhiteElo "2107"]
[BlackElo "1950"]
[Annotator "NA"]
[PlyCount "119"]
[EventDate "2019.08.25"]
[EventType "swiss"]
[EventCountry "SVK"]
[SourceTitle "playchess.com"]
[Source "ChessBase"]
[SourceQuality "1"]
[TimeControl "40/5400+30:1800+30"]

1. e4 {[%emt 0:00:00]} c5 {[%emt 0:00:00]} 2. Nc3 {[%emt 0:00:00]} Nc6 {[%emt 0:00:00]} 3. Bb5 {[%emt 0:00:00]} Nd4 {[%emt 0:08:12]} 4. Nf3 {[%emt 0:00:26]} Nxb5 {[%emt 0:05:49]} 5. Nxb5 {[%emt 0:00:04]} a6 {[%emt 0:00:38]} 6. Nc3 {[%emt 0:00:14]} d6 {[%emt 0:00:19]} 7. d4 {[%emt 0:00:07]} cxd4 {[%emt 0:00:16]} 8. Qxd4 {[%emt 0:00:09]} e5 {[%emt 0:01:28]} 9. Qd3 {[%emt 0:02:40]} Nf6 {[%emt 0:05:11]} 10. Bg5 {[%emt 0:01:58]} Be6 {[%emt 0:00:54]} 11. a4 {[%emt 0:18:17]} Be7 {[%emt 0:07:09]} 12. Bxf6 {[%emt 0:00:47]} Bxf6 {[%emt 0:01:51]} 13. O-O {[%emt 0:03:56]} O-O {[%emt 0:00:19]} 14. Rfd1 {[%emt 0:02:03]} Be7 {[%emt 0:04:12]} 15. Nd5 {[%emt 0:01:00]} Bxd5 {[%emt 0:00:21]} 16. Qxd5 {[%emt 0:00:02]} Qc7 {[%emt 0:01:26]} 17. c3 {[%emt 0:02:16]} Rac8 {[%emt 0:07:17]} 18. Nd2 {[%emt 0:02:23]} Kh8 {[%emt 0:02:27]} 19. Nf1 {[%emt 0:00:25]} f5 {[%emt 0:05:42]} 20. exf5 {[%emt 0:06:38]} Rxf5 {[%emt 0:01:59]} 21. Ne3 {[%emt 0:00:28]} Rff8 {[%emt 0:02:09]} 22. Qe6 {[%emt 0:04:39]} Rf6 {[%emt 0:07:01]} 23. Qb3 {[%emt 0:02:58]} Rg6 {[%emt 0:00:33]} 24. a5 {[%emt 0:03:49]} Bg5 {[%emt 0:04:26]} 25. Nd5 {[%emt 0:00:20]} Qf7 {[%emt 0:01:10]} 26. Ra4 {[%emt 0:04:34]} Rf8 {[%emt 0:00:46]} 27. Qc2 {[%emt 0:01:21]} Bd8 {[%emt 0:08:19]} 28. Qe2 {[%emt 0:04:25]} Qf5 {[%emt 0:09:21]} 29. Rd3 {[%emt 0:11:51]} Qg5 {[%emt 0:05:35]} 30. Ne3 {[%emt 0:01:56]} Rf4 {[%emt 0:01:49]} 31. Ra1 {[%emt 0:03:03]} h6 {[%emt 0:04:05]} 32. b4 {[%emt 0:01:54]} Rf8 {[%emt 0:02:49]} 33. Rad1 {[%emt 0:00:47]} Bc7 {[%emt 0:00:21]} 34. g3 {[%emt 0:04:33]} Bb8 {[%emt 0:00:21]} 35. Nd5 {[%emt 0:00:42]} Ba7 {[%emt 0:00:49]} 36. Rf3 {[%emt 0:00:38]} Qd8 {[%emt 0:00:50]} 37. Qe4 {[%emt 0:03:19]} Rxf3 {[%emt 0:00:43]} 38. Qxf3 {[%emt 0:00:17]} Qe8 {[%emt 0:00:20]} 39. Qe4 {[%emt 0:02:26]} Qf7 {[%emt 0:00:43]} 40. Rd2 {[%emt 0:02:36]} Re6 {[%emt 0:01:36]} 41. Kg2 {[%emt 0:33:22]} Re8 {[%emt 0:03:26]} 42. Re2 {[%emt 0:00:00]} Rf8 {[%emt 0:00:48]} 43. f3 {[%emt 0:00:00]} Rc8 {[%emt 0:08:10]} 44. Qd3 {[%emt 0:00:00]} Rf8 {[%emt 0:04:54]} 45. Re4 {[%emt 0:00:00]} Qf5 {[%emt 0:01:53]} 46. h4 {[%emt 0:00:00]} Rf7 {[%emt 0:01:32]} 47. g4 {[%emt 0:00:00]} Qc8 {[%emt 0:00:40]} 48. Rc4 {[%emt 0:00:00]} Qf8 {[%emt 0:02:06]} 49. Qe4 {[%emt 0:00:00]} Rd7 {[%emt 0:02:04]} 50. h5 {[%emt 0:00:00]} Rf7 {[%emt 0:00:29]} 51. Kg3 {[%emt 0:00:00]} Kg8 {[%emt 0:00:59]} 52. Rc7 {[%emt 0:00:00]} Rxc7 {[%emt 0:02:09]} 53. Nxc7 {[%emt 0:00:00]} Qf7 {[%emt 0:00:15]} 54. Qxb7 {[%emt 0:05:30]} Qf4+ {[%emt 0:00:50]} 55. Kh3 {[%emt 0:00:01]} Qc1 {[%emt 0:07:18]} 56. Qxa7 {[%emt 0:02:32]} Qxc3 {[%emt 0:00:28]} 57. Qa8+ {[%emt 0:00:51]} Kh7 {[%emt 0:00:14]} 58. Qe4+ {[%emt 0:00:07]} Kh8 {[%emt 0:00:17]} 59. Ne6 {[%emt 0:03:39]} Kg8 {[%emt 0:01:04]} 60. Qf5 {[%emt 0:00:50]} 1-0

[Event "Skalica Open 2019"]
[Site "Skalica"]
[Date "2019.08.29"]
[Round "7.20"]
[White "Rakovsky, Jakub"]
[Black "Kovarikova, Maria"]
[Result "0-1"]
[WhiteElo "1765"]
[BlackElo "1854"]
[Annotator "NA"]
[PlyCount "66"]
[EventDate "2019.08.25"]
[EventType "swiss"]
[EventCountry "SVK"]
[SourceTitle "playchess.com"]
[Source "ChessBase"]
[SourceQuality "1"]
[TimeControl "40/5400+30:1800+30"]

1. e4 {[%emt 0:00:00]} e5 {[%emt 0:00:00]} 2. Nf3 {[%emt 0:00:00]} Nc6 {[%emt 0:00:00]} 3. Bb5 {[%emt 0:00:05]} g6 {[%emt 0:00:22]} 4. d3 {[%emt 0:01:30]} Bg7 {[%emt 0:00:18]} 5. c3 {[%emt 0:00:51]} Nge7 {[%emt 0:00:36]} 6. O-O {[%emt 0:00:18]} O-O {[%emt 0:00:16]} 7. Nbd2 {[%emt 0:00:54]} f5 {[%emt 0:03:08]} 8. Qb3+ {[%emt 0:00:57]} Kh8 {[%emt 0:01:01]} 9. Ng5 {[%emt 0:00:33]} d5 {[%emt 0:00:54]} 10. exd5 {[%emt 0:01:19]} Nxd5 {[%emt 0:01:07]} 11. Bxc6 {[%emt 0:06:14]} bxc6 {[%emt 0:04:12]} 12. Nc4 {[%emt 0:00:49]} f4 {[%emt 0:03:38]} 13. Nf3 {[%emt 0:01:43]} Rf5 {[%emt 0:05:26]} 14. Re1 {[%emt 0:02:09]} Qe8 {[%emt 0:08:00]} 15. d4 {[%emt 0:09:21]} e4 {[%emt 0:01:57]} 16. Qc2 {[%emt 0:06:52]} Nf6 {[%emt 0:14:01]} 17. Nfd2 {[%emt 0:02:29]} Be6 {[%emt 0:03:06]} 18. Ne5 {[%emt 0:06:09]} f3 {[%emt 0:05:29]} 19. g3 {[%emt 0:06:31]} g5 {[%emt 0:10:06]} 20. g4 {[%emt 0:14:38]} Rxe5 {[%emt 0:14:36]} 21. dxe5 {[%emt 0:01:06]} Nxg4 {[%emt 0:00:10]} 22. Qxe4 {[%emt 0:02:34]} Qh5 {[%emt 0:02:09]} 23. Nxf3 {[%emt 0:15:30]} Bd5 {[%emt 0:00:45]} 24. Qf5 {[%emt 0:00:07]} Bxf3 {[%emt 0:01:20]} 25. Qxf3 {[%emt 0:00:07]} Qxh2+ {[%emt 0:00:11]} 26. Kf1 {[%emt 0:00:14]} Rf8 {[%emt 0:00:21]} 27. Qxf8+ {[%emt 0:00:38]} Bxf8 {[%emt 0:00:04]} 28. Ke2 {[%emt 0:00:53]} Qxf2+ {[%emt 0:00:08]} 29. Kd1 {[%emt 0:00:13]} Qf3+ {[%emt 0:00:47]} 30. Re2 {[%emt 0:01:23]} Nf2+ {[%emt 0:02:58]} 31. Ke1 {[%emt 0:00:38]} Bc5 {[%emt 0:05:16]} 32. b4 {[%emt 0:01:40]} Qh1+ {[%emt 0:00:27]} 33. Kd2 {[%emt 0:00:13]} Qd1# {[%emt 0:00:13]} 0-1

[Event "Skalica Open 2019"]
[Site "Skalica"]
[Date "2019.08.29"]
[Round "7.21"]
[White "Palka, Miroslav"]
[Black "Hrubsa, Marian"]
[Result "1/2-1/2"]
[WhiteElo "1869"]
[BlackElo "1888"]
[Annotator "NA"]
[PlyCount "125"]
[EventDate "2019.08.25"]
[EventType "swiss"]
[EventCountry "SVK"]
[SourceTitle "playchess.com"]
[Source "ChessBase"]
[SourceQuality "1"]
[TimeControl "40/5400+30:1800+30"]

1. c4 {[%emt 0:02:46]} c5 {[%emt 0:00:00]} 2. Nc3 {[%emt 0:00:16]} Nc6 {[%emt 0:00:00]} 3. g3 {[%emt 0:00:19]} g6 {[%emt 0:00:00]} 4. Bg2 {[%emt 0:00:18]} Bg7 {[%emt 0:00:00]} 5. e4 {[%emt 0:01:05]} e5 {[%emt 0:01:03]} 6. d3 {[%emt 0:00:09]} d6 {[%emt 0:00:05]} 7. Nge2 {[%emt 0:00:06]} Nge7 {[%emt 0:00:30]} 8. O-O {[%emt 0:00:19]} O-O {[%emt 0:00:04]} 9. Be3 {[%emt 0:00:37]} Nd4 {[%emt 0:12:37]} 10. Qd2 {[%emt 0:02:29]} Bh3 {[%emt 0:07:09]} 11. f4 {[%emt 0:04:39]} Bxg2 {[%emt 0:05:07]} 12. Kxg2 {[%emt 0:00:08]} Qd7 {[%emt 0:01:05]} 13. fxe5 {[%emt 0:01:39]} dxe5 {[%emt 0:04:01]} 14. Nd5 {[%emt 0:02:09]} Nxd5 {[%emt 0:01:21]} 15. cxd5 {[%emt 0:01:25]} Qg4 {[%emt 0:02:59]} 16. Nc3 {[%emt 0:01:31]} f5 {[%emt 0:03:34]} 17. h3 {[%emt 0:01:56]} Qh5 {[%emt 0:00:44]} 18. Qd1 {[%emt 0:00:22]} Qxd1 {[%emt 0:01:18]} 19. Raxd1 {[%emt 0:00:16]} b6 {[%emt 0:05:18]} 20. Rf2 {[%emt 0:01:27]} Rf7 {[%emt 0:02:51]} 21. Rdf1 {[%emt 0:00:46]} Raf8 {[%emt 0:00:36]} 22. Ne2 {[%emt 0:04:01]} Nxe2 {[%emt 0:06:59]} 23. Rxe2 {[%emt 0:00:09]} f4 {[%emt 0:00:57]} 24. Bxf4 {[%emt 0:05:58]} exf4 {[%emt 0:01:48]} 25. gxf4 {[%emt 0:00:08]} Rxf4 {[%emt 0:01:49]} 26. Rxf4 {[%emt 0:00:06]} Rxf4 {[%emt 0:00:05]} 27. e5 {[%emt 0:00:07]} Bf8 {[%emt 0:02:07]} 28. e6 {[%emt 0:03:51]} Be7 {[%emt 0:02:21]} 29. d6 {[%emt 0:00:16]} Bxd6 {[%emt 0:00:19]} 30. e7 {[%emt 0:00:05]} Bxe7 {[%emt 0:00:21]} 31. Rxe7 {[%emt 0:00:06]} Rf7 {[%emt 0:00:09]} 32. Re3 {[%emt 0:01:30]} Rd7 {[%emt 0:00:56]} 33. Kf2 {[%emt 0:00:44]} Kf7 {[%emt 0:00:25]} 34. Rf3+ {[%emt 0:01:13]} Ke6 {[%emt 0:01:19]} 35. Ke3 {[%emt 0:00:32]} Ke5 {[%emt 0:00:25]} 36. Rf8 {[%emt 0:01:35]} Re7 {[%emt 0:01:04]} 37. Rd8 {[%emt 0:00:45]} Kf5+ {[%emt 0:01:02]} 38. Kf3 {[%emt 0:00:34]} Kg5 {[%emt 0:00:19]} 39. d4 {[%emt 0:01:33]} cxd4 {[%emt 0:02:23]} 40. Rxd4 {[%emt 0:00:15]} Kf6 {[%emt 0:01:45]} 41. a4 {[%emt 0:30:57]} g5 {[%emt 0:30:20]} 42. b4 {[%emt 0:01:03]} h5 {[%emt 0:00:28]} 43. a5 {[%emt 0:02:25]} bxa5 {[%emt 0:03:37]} 44. bxa5 {[%emt 0:00:11]} Re5 {[%emt 0:00:26]} 45. Rd6+ {[%emt 0:00:51]} Kf5 {[%emt 0:00:37]} 46. Ra6 {[%emt 0:00:31]} Re7 {[%emt 0:01:33]} 47. Rh6 {[%emt 0:01:23]} g4+ {[%emt 0:07:20]} 48. hxg4+ {[%emt 0:00:30]} hxg4+ {[%emt 0:00:04]} 49. Kf2 {[%emt 0:01:15]} Kg5 {[%emt 0:03:13]} 50. Ra6 {[%emt 0:00:32]} Rf7+ {[%emt 0:01:58]} 51. Kg3 {[%emt 0:00:08]} Rc7 {[%emt 0:01:05]} 52. Kf2 {[%emt 0:00:35]} Rg7 {[%emt 0:04:21]} 53. Kg3 {[%emt 0:01:01]} Kf5 {[%emt 0:04:15]} 54. Rc6 {[%emt 0:01:13]} Ke5 {[%emt 0:02:16]} 55. Rc4 {[%emt 0:01:34]} Kd5 {[%emt 0:00:22]} 56. Rxg4 {[%emt 0:01:50]} Rxg4+ {[%emt 0:00:15]} 57. Kxg4 {[%emt 0:00:04]} Kc5 {[%emt 0:00:05]} 58. Kf3 {[%emt 0:00:32]} Kb5 {[%emt 0:00:14]} 59. a6 {[%emt 0:00:08]} Kxa6 {[%emt 0:00:18]} 60. Ke2 {[%emt 0:00:11]} Ka5 {[%emt 0:01:17]} 61. Kd2 {[%emt 0:00:47]} Kb4 {[%emt 0:00:38]} 62. Kc2 {[%emt 0:00:20]} Ka3 63. Kb1 1/2-1/2